Determinación de la influencia de los métodos de muestreo de recepción y variedades de la caña de azúcar en su calidad y rendimiento del proceso de producción de azúcar en el ingenio monte rosa durante la zafra 2017-2018.

En este trabajo se llevó a cabo un estudio del proceso de muestreo de recepción de caña con el objetivo de determinar la influencia que ejercen los diferentes métodos de muestreo y variedades sobre la calidad y rendimiento de la caña. También se realizó un análisis comparativo del costo tota...

Full description

Bibliographic Details
Main Authors: Rivera Somarriba, Diógenes Rafael, Luna Blanco, Wilfredo Francisco
Other Authors: Tutor: Álvarez García, Sergio Enrique.
Format: Tesis Section = Libro
Language:Undetermined
Spanish
Published: Managua UNI 2021
Subjects:
LEADER 01525nam a2200289Ia 4500
008 240830s9999 xx 000 0 und d
040 |a CEDOC DACA-RUSB / Mon. 664.112 R621 
041 |a spa 
082 |a Mon. 664.112 R621 
100 1 |a Rivera Somarriba, Diógenes Rafael 
100 1 |b Luna Blanco, Wilfredo Francisco 
245 1 0 |a Determinación de la influencia de los métodos de muestreo de recepción y variedades de la caña de azúcar en su calidad y rendimiento del proceso de producción de azúcar en el ingenio monte rosa durante la zafra 2017-2018. 
260 |a Managua  |b UNI  |c 2021 
300 |a 99 p. :il. 
500 |a Contiene: anexos y CD. 
502 |a Tesis (Ingeniero Químico) - UNI,2021.  
520 3 |a En este trabajo se llevó a cabo un estudio del proceso de muestreo de recepción de caña con el objetivo de determinar la influencia que ejercen los diferentes métodos de muestreo y variedades sobre la calidad y rendimiento de la caña. También se realizó un análisis comparativo del costo total de operación y mantenimiento por zafra del proceso de muestreo de recepción, para determinar el método de muestreo más económico. 
650 7 |a CAÑA DE AZUCAR-PRODUCCION 
650 7 |b CONTROL DE CALIDAD INDUSTRIAL 
650 7 |c METODOS DE MUESTREO 
650 7 |d ANALISIS FINANCIERO 
650 7 |e INGENIO AZUCARERO 
650 7 |f AGROINDUSTRIA-NICARAGUA 
700 1 |a Tutor:  |b Álvarez García, Sergio Enrique. 
942 |c BK  |2 ddc 
991 |a TESIS 
999 |c 27075